| 000 | 02777cam a22006134i 4500 | ||
|---|---|---|---|
| 003 | PE-LiUPU | ||
| 005 | 20250731180148.0 | ||
| 008 | 150706s r 000 0 d | ||
| 020 | _a9788499850818 | ||
| 035 | _a(Sirsi) i9788499850818 | ||
| 040 |
_aPE-LiUPU _bspa _cPE-LiUPU _erda |
||
| 049 | _aPRUA | ||
| 082 | 0 | 4 |
_a519.22 _bE81 _221 |
| 100 | 1 |
_aEscuder Vallés, Roberto, _eautor. |
|
| 245 | 1 | 0 |
_aEstadística aplicada : _beconomía y ciencias sociales / _cRoberto Escuder Vallés y J. Santiago Murgui Izquierdo. |
| 250 | _a2a | ||
| 264 | 1 |
_aValencia : _bTirant Lo Blanch, _c2011. |
|
| 300 |
_a888 páginas : _bilustraciones ; _c24 cm. |
||
| 336 |
_atext _2rdacontent |
||
| 337 |
_aunmediated _2rdamedia |
||
| 338 |
_avolume _2rdacarrier |
||
| 490 | 0 | _aManuales | |
| 504 | _aIncluye bibliografía. | ||
| 505 | 0 | _aEstadística: Notas conceptuales, metodológicas e históricas -- Análisis de datos y estadística descriptiva -- Datos estadísticos: características generales y representación -- Análisis de datos unidimensionales -- Análisis de datos multidimensionales -- Análisis de datos temporales -- Números índices Introducción a la teoría matemática de la probabilidad -- Modelos univariantes -- Modelos univariantes específicos -- Modelos multivariantes -- Modelos multivariantes específicos -- Convergencias y procesos estocásticos.-El teorema central del límite -- Inferencia estadística -- Estimación Intervalos de estimación y precisión de las estimaciones -- Contrastes de hipótesis paramétricas -- Contrastes de hipótesis no paramétricas. | |
| 526 | _aSEG44 | ||
| 526 | _aSEG26 | ||
| 526 | _aP159 | ||
| 526 | _aP155 | ||
| 526 | _aP154 | ||
| 526 | _aP153 | ||
| 526 | _aP150 | ||
| 526 | _aP100 | ||
| 526 | _aP31 | ||
| 526 | _aP30 | ||
| 526 | _aP26 | ||
| 526 | _aP25 | ||
| 526 | _aP24 | ||
| 526 | _aP22 | ||
| 526 | _aP15 | ||
| 526 | _aP10 | ||
| 541 | _g001-0035421; | ||
| 650 | 0 | 4 |
_aCiencias sociales _xMétodos estadísticos. |
| 650 | 0 | 4 |
_aEconomía política _xMétodos estadísticos. |
| 650 | 0 | 4 |
_aEstadística matemática. _91317 |
| 650 | 0 | 4 |
_aCiencias sociales _xEstadística . |
| 650 | 0 | 4 |
_aEstadística matemática . _91317 |
| 700 | 1 |
_aMurgui Izquierdo, J. Santiago, _eautor. |
|
| 910 |
_bjv _cng _d20120620 |
||
| 942 |
_2ddc _cBOOK |
||
| 949 |
_a519.22 E81 _wDEWEY _c1 _i65045 _lCCODEBUL1 _mBUL _p92.00 _r0 _sY _tBOOK _u2015-7-6 _xINGENIERIA _zUNKNOWN _o.STAFF. Colección General |
||
| 994 |
_aC0 _bPEPRU |
||
| 596 | _a1 | ||
| 999 |
_a519.22 E81 _wDEWEY _c53732 _i65045 _d53732 _e2017-8-29 _f2021-11-5 _g7 _lCCODEBUL1 _mBUL _n3 _p92.00 _q2 _r0 _sY _tBOOK _u2015-7-6 _xBIBLIOTECA _zUNKNOWN _0COMPRA _o.STAFF. Colección General |
||
| 980 |
_81 _gALBERTO SANCHEZ Responsable de Automatización |
||